Song Titles: Fill In The Missing Word - Musical Genres (1970's) - Statistics

General Stats
  • This quiz has been taken 28 times
  • The average score is 8 of 20
Answer Stats
Artist Song Title % Correct
John Denver Take Me Home, {Country} Roads
96%
Beach Boys {Surf}'s Up
88%
A Taste Of Honey {Boogie} Oogie Oogie
84%
Creedence Clearwater Revival Run Through The {Jungle}
60%
M {Pop} Muzik
56%
Ramones Judy Is A {Punk}
48%
David Essex {Rock} On
48%
Jonathan Richman & the Modern Lovers Egyptian {Reggae}
36%
Showaddywaddy Hey {Rock} {and} {Roll}
28%
James Brown {Soul} Power
28%
Parliament Tear the Roof off the Sucker (Give Up the {Funk})
28%
Album track Kinks Muswell {Hillbilly}
24%
Matchbox {Rockabilly} Rebel
24%
Album track Clash {Garage} Land
20%
McGuinness Flint Malt and Barley {Blues}
20%
Siouxsie and the Banshees Mittageisen ({Metal} Postcard)
20%
Jim Gilstrap {Swing} Your Daddy
16%
Album track Wire Three Girl {Rhumba}
16%
Isley Brothers It's A {Disco} Night (Rock Don't Stop)
12%
Diana Ross/Storm It's My {House}
12%
No matching quizzes found
Score Distribution
Percent of People with Each Score
Percentile by Number Answered
Your Score History
You have not taken this quiz